|
|
|
|
| LEADER |
01192nam a2200325 a 4500 |
| 001 |
2947 |
| 003 |
BD-DhAAL |
| 005 |
20150315103205.0 |
| 008 |
150315s1994 caua b 001 0 eng |
| 010 |
|
|
|a 94025578
|
| 020 |
|
|
|a 1555427057
|
| 040 |
|
|
|a DLC
|c DLC
|d DLC
|d BD-DhAAL
|
| 050 |
0 |
0 |
|a HD30.28
|b .I45 1994
|
| 082 |
0 |
0 |
|a 658.4/012
|2 20
|
| 100 |
1 |
|
|a Imparato, Nicholas,
|d 1944-
|9 9623
|
| 245 |
1 |
0 |
|a Jumping the curve :
|b innovation and strategic choice in an age of transition /
|c Nicholas Imparato and Oren Harari ; foreword by Tom Peters.
|
| 250 |
|
|
|a 1st ed.
|
| 260 |
|
|
|a San Francisco :
|b Jossey-Bass Publishers,
|c c1994.
|
| 300 |
|
|
|a xxv, 324 p. :
|b ill. ;
|c 24 cm.
|
| 490 |
|
|
|a Jossey-Bass management series
|
| 504 |
|
|
|a Includes bibliographical references and index.
|
| 541 |
|
|
|e 2947
|
| 650 |
|
0 |
|a Strategic planning.
|9 9624
|
| 650 |
|
0 |
|a Organizational change.
|9 9625
|
| 650 |
|
0 |
|a Organizational behavior.
|9 9626
|
| 650 |
|
0 |
|a Corporate culture.
|9 8423
|
| 700 |
1 |
|
|a Harari, Oren.
|9 9627
|
| 942 |
|
|
|2 ddc
|c BK
|
| 999 |
|
|
|c 34035
|d 34035
|
| 952 |
|
|
|0 0
|1 0
|2 ddc
|4 0
|6 658_401200000000000_IMP
|7 0
|9 53119
|a SCL
|b SCL
|c GEN
|d 2015-03-15
|l 0
|o 658.4012 IMP
|p 3020002947
|r 2015-03-15
|t 1
|w 2015-03-15
|y BK
|